000 00588nam a22001577a 4500
008 140411b xxu||||| |||| 00| 0 spa d
020 _a978-987-574-304-5
082 _214
_a324
100 1 _91870
_aAbal Medina, Juan Manuel
_eeditor
245 1 0 _aParticipación y control ciudadanos :
_bel funcionamiento de los mecanismo institucionales electorales y societales de accountability en la Argentina. /
_cCompilador Juan Abal Medina.
260 _aBuenos Aires :
_bPrometeo Libros,
_c2009.
300 _a320 p.
650 0 _9548
_aPOLITICA
650 0 _9547
_aELECCIONES
942 _2ddc
_cLIBRO
999 _c1990
_d1990
980 _81943
_gVALERIA BEATRIZ DOMÍNGUEZ